| 000 | 00430nam a2200157 i 4500 | ||
|---|---|---|---|
| 001 | 40757 | ||
| 003 | ES-MaACL | ||
| 005 | 20230906160313.0 | ||
| 007 | t| | ||
| 008 | 030307s1968 sp ||||1| spa d | ||
| 100 | 1 |
_aCardús, José. _935214 |
|
| 245 | 1 | 0 |
_aSemilla humana / _cJosé Cardús. |
| 260 |
_a[Zaragoza : _bs.n., _c1968] ( _fImp. Heraldo de Aragón) |
||
| 300 |
_a391 p. ; _c22 cm. |
||
| 852 |
_aES-MaACL _jC-46981 _bR.66459 |
||
| 999 |
_c40757 _d40757 |
||